00533nam a2200169Ia 4500003000400000005001700004008004000021020001500061040001000076041001200086082001500098100003000113245004400143260003900187300001300226650012400239OSt20251205112002.0210210b2003 xxu||||| |||| 00| 0 eng d a8178088479 aALc  aEnglish a620.8 BOUB aBourgaiz David and others aBiotechnology Demystifying the concepts aNew DelhibPearson Educationc2003 axvi,416p aDNA generalizations mendelian genetics chromosomes genetic disease and gene therapy aids HIV Cancer war against cancer